000 00730nam a2200253Ia 4500
003 OSt
005 20220918200700.0
006 a|||||r|||| 00| 0
007 ta
008 220917b |||||||| |||| 00| 0 eng d
024 _a89,820
037 _cTextual
040 _aARTS
_cARTS
_beng
041 _2eng
_aeng
082 _aU8:63wM20, H6.3--.3 (906)
100 _aBaines Thomas
_995128
245 0 _aNorthern Goldfields diaries ed. by J.P.R. Wallis
250 _a3rd
260 _aNa
_bNa
_c1946
490 _aGovernment Archives of Southern Rhodesia Oppenhemier series; 3
650 _aGEOGRAPHY
942 _hU8:63wM20, H6.3--.3 (906)
_cTEXL
_2CC
999 _c213489
_d213489